[Event "BL 8687 Solingen-Sindelfingen"]
[Site "?"]
[Date "1986.??.??"]
[Round "?.4"]
[White "Lobron, E."]
[Black "Bialas, W."]
[Result "1-0"]
[WhiteElo "2515"]
[BlackElo "2345"]
[PlyCount "61"]
[EventDate "1986.??.??"]

1. e4 e5 2. Nf3 Nc6 3. Bb5 a6 4. Ba4 f5 5. d4 exd4 6. e5 Bb4+ 7. c3 dxc3 8.
Nxc3 Nge7 9. O-O Bxc3 10. bxc3 O-O 11. Bb3+ Kh8 12. Re1 b6 13. Ng5 Qe8 14. Qf3
h6 15. e6 dxe6 16. Nxe6 Bxe6 17. Rxe6 Na5 18. Ba3 c5 19. Rae1 Ra7 20. Qe3 Nxb3
21. axb3 Rf7 22. Rxb6 Qd8 23. Bxc5 Nd5 24. Rxh6+ gxh6 25. Qxh6+ Rh7 26. Bd4+
Kg8 27. Qg6+ Kf8 28. Bc5+ Rhe7 29. Re5 Ne3 30. Bd6 Rad7 31. fxe3 1-0

[Event "BL 8687 Solingen-Sindelfingen"]
[Site "?"]
[Date "1986.??.??"]
[Round "?.5"]
[White "Gruenenwald, J."]
[Black "Lau, R."]
[Result "1/2-1/2"]
[WhiteElo "2290"]
[BlackElo "2455"]
[PlyCount "61"]
[EventDate "1986.??.??"]

1. d4 Nf6 2. c4 e6 3. Nf3 b6 4. a3 c5 5. d5 Ba6 6. Qc2 exd5 7. cxd5 g6 8. Nc3
Bg7 9. g3 O-O 10. Bg2 d6 11. O-O Re8 12. Re1 Nbd7 13. h3 Qc7 14. Qa4 Bb7 15.
Nb5 Qb8 16. Bf4 Bf8 17. e4 a6 18. Nc3 b5 19. Qc2 Qc7 20. Rad1 Rad8 21. g4 Bg7
22. Bh2 h6 23. Nh4 c4 24. f4 Nc5 25. Kh1 Nd3 26. Re2 Nd7 27. Rf1 Kh7 28. Nf3
Nb6 29. g5 Qe7 30. gxh6 Bxh6 31. Ng5+ 1/2-1/2

[Event "BL 8687 Solingen-Sindelfingen"]
[Site "?"]
[Date "1986.??.??"]
[Round "?.6"]
[White "Ostermeyer, P."]
[Black "Bauer, P."]
[Result "1/2-1/2"]
[WhiteElo "2455"]
[BlackElo "2310"]
[PlyCount "27"]
[EventDate "1986.??.??"]

1. e4 e5 2. Nf3 Nc6 3. Bb5 a6 4. Ba4 Nf6 5. O-O Be7 6. Re1 b5 7. Bb3 O-O 8. a4
Rb8 9. axb5 axb5 10. c3 d5 11. exd5 Nxd5 12. Nxe5 Nxe5 13. Rxe5 Nf6 14. d4
1/2-1/2

[Event "BL 8687 Bochum-Karlsruhe"]
[Site "?"]
[Date "1986.??.??"]
[Round "?.2"]
[White "Thesing, M."]
[Black "Arnold, L."]
[Result "1/2-1/2"]
[WhiteElo "2290"]
[BlackElo "2305"]
[PlyCount "70"]
[EventDate "1986.??.??"]

1. d4 Nf6 2. Nf3 d6 3. Nc3 g6 4. e4 Bg7 5. h3 c6 6. a4 O-O 7. Be3 Qc7 8. Be2 e5
9. dxe5 dxe5 10. Bc4 Qe7 11. O-O Nbd7 12. Qb1 Nc5 13. Ng5 Ne6 14. Nxe6 Bxe6 15.
Qa2 Rfe8 16. Bxe6 Qxe6 17. Qxe6 Rxe6 18. a5 Bf8 19. Rfb1 Ne8 20. Na4 f5 21. Rd1
Nf6 22. exf5 gxf5 23. Nc5 Bxc5 24. Bxc5 Kf7 25. Ra3 Ne4 26. Rd7+ Kf6 27. b4
Nxc5 28. bxc5 Re7 29. Rd6+ Re6 30. Rd7 Re7 31. Rad3 Rae8 32. R3d6+ Kf7 33. a6
bxa6 34. Rxe7+ Rxe7 35. Rxc6 Re6 1/2-1/2

[Event "BL 8687 Bochum-Karlsruhe"]
[Site "?"]
[Date "1986.??.??"]
[Round "?.3"]
[White "Werner, C."]
[Black "Sonntag, H."]
[Result "1/2-1/2"]
[WhiteElo "2225"]
[BlackElo "2295"]
[PlyCount "22"]
[EventDate "1986.??.??"]

1. e4 e5 2. Nf3 Nc6 3. Bb5 a6 4. Ba4 Nf6 5. O-O Be7 6. Re1 b5 7. Bb3 d6 8. c3
O-O 9. d4 Re8 10. Ng5 Rf8 11. Nf3 Re8 1/2-1/2

[Event "BL 8687 Regensburg-Bayern"]
[Site "?"]
[Date "1986.??.??"]
[Round "?.2"]
[White "Mandl, Ro"]
[Black "Kindermann, S."]
[Result "1/2-1/2"]
[WhiteElo "2285"]
[BlackElo "2485"]
[PlyCount "79"]
[EventDate "1986.??.??"]

1. Nf3 Nf6 2. g3 g6 3. Bg2 Bg7 4. O-O O-O 5. c4 d6 6. Nc3 a6 7. d4 Nc6 8. h3
Rb8 9. Be3 b5 10. Nd2 Bb7 11. cxb5 axb5 12. Nxb5 Na5 13. Qa4 Bxg2 14. Kxg2 c6
15. Nc3 Rxb2 16. Rab1 Rxb1 17. Rxb1 Qa8 18. Kh2 Nd5 19. Nxd5 cxd5 20. Rb6 Rc8
21. Nb3 Nc4 22. Ra6 Qb8 23. Bc1 h5 24. Ra7 Bf6 25. Qa6 Kg7 26. Kg2 e6 27. h4
Re8 28. Bf4 Qb4 29. Qc6 Rf8 30. Qd7 e5 31. dxe5 dxe5 32. Bc1 Qb6 33. Na5 Nd6
34. Nc6 Rc8 35. Qxd6 Qxc6 36. Qxc6 Rxc6 37. Bg5 Rc2 38. e3 d4 39. exd4 exd4 40.
Bxf6+ 1/2-1/2

[Event "BL 8687 Regensburg-Bayern"]
[Site "?"]
[Date "1986.??.??"]
[Round "?.3"]
[White "Bischoff, K."]
[Black "Speckner, R."]
[Result "1/2-1/2"]
[WhiteElo "2495"]
[BlackElo "2205"]
[PlyCount "105"]
[EventDate "1986.??.??"]

1. d4 Nf6 2. c4 g6 3. Nc3 Bg7 4. e4 d6 5. h3 O-O 6. Bg5 Nbd7 7. Nf3 e5 8. d5 a5
9. Nd2 Nc5 10. Be2 Bd7 11. O-O h6 12. Bh4 Qe8 13. b3 Nh7 14. f3 h5 15. Rb1 Bh6
16. Bf2 Qe7 17. Rb2 Bf4 18. a3 Qg5 19. h4 Qh6 20. b4 axb4 21. axb4 Na4 22. Nxa4
Rxa4 23. b5 Rfa8 24. c5 Be3 25. cxd6 Rd4 26. Bxe3 Qxe3+ 27. Kh1 cxd6 28. Nc4
Rxd1 29. Nxe3 Rxf1+ 30. Bxf1 Ra1 31. Kg1 Kf8 32. Kf2 Nf6 33. Be2 Ke7 34. Nc4
Ne8 35. Nb6 f5 36. Nxd7 Kxd7 37. b6 Nf6 38. Rc2 fxe4 39. Rc7+ Kd8 40. Rxb7 exf3
41. gxf3 Rb1 42. Rf7 Nd7 43. Bd3 Rb2+ 44. Kg3 Nxb6 45. Rb7 Rd2 46. Rxb6 Rxd3
47. Rxd6+ Ke7 48. Re6+ Kf7 49. Rxe5 Kf6 50. Rg5 Rd4 51. Kh3 Rd1 52. Kg2 Rd2+
53. Kg3 1/2-1/2

[Event "BL 8687 Regensburg-Bayern"]
[Site "?"]
[Date "1986.??.??"]
[Round "?.6"]
[White "Meister, P."]
[Black "Calvo Minguez, R."]
[Result "1-0"]
[WhiteElo "2355"]
[BlackElo "2415"]
[PlyCount "49"]
[EventDate "1986.??.??"]

1. d4 g6 2. c4 d6 3. Nc3 Bg7 4. e4 c5 5. d5 Nd7 6. Nf3 Bxc3+ 7. bxc3 Qa5 8. Qc2
Nb6 9. Bd3 Bd7 10. O-O Qa4 11. Qe2 Bg4 12. Rb1 O-O-O 13. Rb3 Bxf3 14. Qxf3 Nxc4
15. Qxf7 Ne5 16. Qe6+ Kb8 17. Bb5 Qxe4 18. f4 c4 19. Rb4 a5 20. Rb2 Rf8 21. Bc6
Ka7 22. fxe5 Rxf1+ 23. Kxf1 Qd3+ 24. Kf2 Qxc3 25. Be3+ 1-0

[Event "BL 8687 Bamberg-München 36"]
[Site "?"]
[Date "1986.??.??"]
[Round "?.1"]
[White "Unzicker, W."]
[Black "Pfleger, He"]
[Result "1/2-1/2"]
[WhiteElo "2470"]
[BlackElo "2480"]
[PlyCount "39"]
[EventDate "1986.??.??"]

1. Nf3 d5 2. d4 Nf6 3. c4 e6 4. Nc3 Be7 5. Bg5 O-O 6. e3 h6 7. Bh4 c6 8. Rc1
Nbd7 9. Bd3 dxc4 10. Bxc4 Nd5 11. Bxe7 Qxe7 12. Ne4 N5f6 13. Ng3 Qb4+ 14. Qd2
Qxd2+ 15. Kxd2 c5 16. Rhd1 b6 17. dxc5 Nxc5 18. Ne5 Bb7 19. f3 Rfd8+ 20. Ke2
1/2-1/2

[Event "BL 8687 Bamberg-München 36"]
[Site "?"]
[Date "1986.??.??"]
[Round "?.2"]
[White "Seppeur, R."]
[Black "Smejkal, J."]
[Result "0-1"]
[WhiteElo "2295"]
[BlackElo "2540"]
[PlyCount "85"]
[EventDate "1986.??.??"]

1. Nf3 Nf6 2. g3 g6 3. Bg2 Bg7 4. c4 c5 5. d4 O-O 6. O-O Nc6 7. dxc5 Qa5 8. Nc3
Qxc5 9. b3 d6 10. Bb2 Bd7 11. Qd2 Qa5 12. Rfd1 Rfc8 13. a3 Rab8 14. Ng5 h6 15.
Nge4 Nxe4 16. Bxe4 Be6 17. Rac1 Nd4 18. Bc2 Kf8 19. Re1 a6 20. Bd1 b5 21. b4
Qd8 22. Ne4 Nc6 23. c5 d5 24. Bxg7+ Kxg7 25. Qb2+ f6 26. Bb3 Qc7 27. Nd2 Bf7
28. e3 Rd8 29. Nf3 e5 30. Red1 Rd7 31. Rd2 Rbd8 32. Rcd1 Bg8 33. Qa2 Ne7 34.
Nh4 Qc6 35. Ng2 h5 36. h4 Qe6 37. e4 Qc6 38. exd5 Bxd5 39. Bxd5 Nxd5 40. Rd3
Ne7 41. Qc2 Rxd3 42. Rxd3 Qe4 43. Rd2 0-1

[Event "BL 8687 Bamberg-München 36"]
[Site "?"]
[Date "1986.??.??"]
[Round "?.5"]
[White "Zysk, R."]
[Black "Ruehrig, V."]
[Result "1-0"]
[WhiteElo "2405"]
[BlackElo "2335"]
[PlyCount "45"]
[EventDate "1986.??.??"]

1. Nf3 g6 2. d4 Bg7 3. e4 d6 4. c3 Nf6 5. Bd3 O-O 6. O-O Nbd7 7. h3 e5 8. Bg5
h6 9. Be3 d5 10. Nxe5 Nxe5 11. dxe5 Nxe4 12. Nd2 Nxd2 13. Qxd2 Qh4 14. Rae1
Bxe5 15. Bxh6 Bg7 16. Bg5 Qa4 17. Re7 Qc6 18. Rfe1 Bd7 19. c4 Be6 20. Bxg6 dxc4
21. R1xe6 fxe6 22. Bh6 Be5 23. Qg5 1-0

[Event "BL 8687 Bamberg-München 36"]
[Site "?"]
[Date "1986.??.??"]
[Round "?.6"]
[White "Kestler, H."]
[Black "Pichler, J."]
[Result "1/2-1/2"]
[WhiteElo "2390"]
[BlackElo "2325"]
[PlyCount "35"]
[EventDate "1986.??.??"]

1. Nf3 Nf6 2. g3 g6 3. Bg2 Bg7 4. O-O O-O 5. c4 d6 6. Nc3 e5 7. d4 Nbd7 8. e4
c6 9. h3 Qb6 10. dxe5 dxe5 11. Qc2 Re8 12. Be3 Qc7 13. Rfd1 Bf8 14. Rac1 Nc5
15. b4 Ne6 16. Qb2 Nd7 17. a3 b6 18. b5 1/2-1/2

[Event "BL 8687 Bamberg-München 36"]
[Site "?"]
[Date "1986.??.??"]
[Round "?.8"]
[White "Kurz, A."]
[Black "Krause, C."]
[Result "1-0"]
[WhiteElo "2290"]
[BlackElo "2245"]
[PlyCount "102"]
[EventDate "1986.??.??"]

1. d4 Nf6 2. c4 g6 3. Nc3 Bg7 4. e4 d6 5. f4 O-O 6. Nf3 c5 7. d5 e6 8. dxe6
fxe6 9. Bd3 Nc6 10. O-O Nd4 11. Ng5 Qe7 12. e5 Nd7 13. Nxh7 Kxh7 14. Qh5+ Kg8
15. Bxg6 Bxe5 16. fxe5 Rxf1+ 17. Kxf1 Nxe5 18. Kg1 Bd7 19. Bh6 Qf6 20. Be4 Nf5
21. Bg5 Qg6 22. Qxg6+ Nxg6 23. Rd1 Ne5 24. b3 Nf7 25. Bf6 Bc6 26. Bxc6 bxc6 27.
Ne4 a5 28. g4 Nd4 29. Bxd4 cxd4 30. Rxd4 Rd8 31. Kg2 Kf8 32. h4 Ke7 33. Kg3 c5
34. Rd1 a4 35. bxa4 Rb8 36. g5 Rb4 37. Rc1 Ne5 38. h5 Nxc4 39. g6 Ne3 40. Kf3
Nf5 41. Rg1 Rxa4 42. g7 Nh6 43. Rg6 Ng8 44. h6 Nxh6 45. Rxh6 Kf7 46. Rg6 Ra3+
47. Kg4 Ra8 48. g8=Q+ Rxg8 49. Rxg8 Kxg8 50. a4 c4 51. a5 d5 1-0

[Event "BL 8687 Bayern-Bamberg"]
[Site "?"]
[Date "1986.??.??"]
[Round "?.1"]
[White "Pfleger, He"]
[Black "Ribli, Z."]
[Result "1/2-1/2"]
[WhiteElo "2480"]
[BlackElo "2585"]
[PlyCount "29"]
[EventDate "1986.??.??"]

1. d4 d5 2. c4 dxc4 3. e3 Nf6 4. Bxc4 e6 5. Nf3 c5 6. O-O a6 7. dxc5 Qxd1 8.
Rxd1 Bxc5 9. a3 b5 10. Be2 Ke7 11. b4 Bd6 12. Bb2 Nbd7 13. Nbd2 Bb7 14. Nb3
Rac8 15. Rac1 1/2-1/2

[Event "BL 8687 Bayern-Bamberg"]
[Site "?"]
[Date "1986.??.??"]
[Round "?.2"]
[White "Kindermann, S."]
[Black "Seppeur, R."]
[Result "1-0"]
[WhiteElo "2485"]
[BlackElo "2295"]
[PlyCount "89"]
[EventDate "1986.??.??"]

1. e4 c5 2. Nf3 d6 3. d4 cxd4 4. Nxd4 Nf6 5. Nc3 g6 6. Be2 Bg7 7. O-O Nc6 8.
Nb3 O-O 9. Kh1 Be6 10. f4 Na5 11. f5 Bc4 12. e5 Ne8 13. Nxa5 Bxe2 14. Qxe2 Qxa5
15. Bg5 Bxe5 16. Bxe7 Ng7 17. Bxf8 Rxf8 18. fxg6 hxg6 19. Ne4 Nh5 20. c3 Kg7
21. g3 Rh8 22. Kg2 f5 23. Ng5 Qd5+ 24. Nf3 Nf6 25. Rad1 Qc6 26. Rd3 f4 27. Re1
g5 28. g4 Nxg4 29. Qe4 Qc8 30. Rxd6 Bxd6 31. Qd4+ Nf6 32. Qxd6 Re8 33. Re7+
Rxe7 34. Qxe7+ Kg6 35. h3 Qc6 36. Qe5 Ne4 37. Nd4 f3+ 38. Kxf3 Nd2+ 39. Kg3 Qh1
40. Qe6+ Kg7 41. Qe7+ Kh8 42. Kg4 Qg2+ 43. Kh5 Ne4 44. Kh6 Nf6 45. Qg7# 1-0

[Event "BL 8687 Bayern-Bamberg"]
[Site "?"]
[Date "1986.??.??"]
[Round "?.5"]
[White "Ruehrig, V."]
[Black "Hertneck, G."]
[Result "0-1"]
[WhiteElo "2335"]
[BlackElo "2440"]
[PlyCount "82"]
[EventDate "1986.??.??"]

1. e4 e6 2. d4 d5 3. Nd2 Nf6 4. Bd3 c5 5. e5 Nfd7 6. c3 Nc6 7. Ne2 cxd4 8. cxd4
f6 9. exf6 Nxf6 10. O-O Bd6 11. Nf3 O-O 12. Bg5 Qc7 13. Rc1 Nh5 14. Re1 Bd7 15.
Nc3 Bf4 16. Ne5 Be8 17. Bxf4 Nxf4 18. Bf1 Bh5 19. Qd2 Rf6 20. Nb5 Qe7 21. g3
Raf8 22. Nxc6 bxc6 23. Rxc6 Bg4 24. Rec1 Ne2+ 25. Bxe2 Rxf2 26. Re1 Qf6 27.
Rcc1 Bxe2 28. Qxe2 Rxe2 29. Rxe2 a6 30. Nc7 Qxd4+ 31. Kg2 e5 32. Rce1 Rc8 33.
Ne6 Qg4 34. Nxg7 Kxg7 35. Rxe5 Rc2+ 36. Kg1 Rc1 37. Kf2 Rxe1 38. Kxe1 Qb4+ 39.
Kf1 d4 40. Re2 d3 41. Rg2 Qc4 0-1

[Event "BL 8687 Bayern-Bamberg"]
[Site "?"]
[Date "1986.??.??"]
[Round "?.6"]
[White "Hickl, J."]
[Black "Kestler, H."]
[Result "1/2-1/2"]
[WhiteElo "2430"]
[BlackElo "2390"]
[PlyCount "82"]
[EventDate "1986.??.??"]

1. Nf3 Nf6 2. g3 g6 3. Bg2 Bg7 4. O-O O-O 5. c4 d6 6. Nc3 e5 7. d3 Re8 8. Rb1
e4 9. dxe4 Nxe4 10. Nxe4 Rxe4 11. c5 Nc6 12. Bg5 Qe8 13. cxd6 cxd6 14. Re1 Be6
15. b3 d5 16. Nd2 Rd4 17. Be3 Rg4 18. Bf3 Nb4 19. Bxg4 Bxg4 20. Nf3 Nxa2 21.
Qd2 Nc3 22. Rbc1 Rc8 23. Bd4 Ne4 24. Rxc8 Qxc8 25. Qe3 Bxd4 26. Nxd4 Bh3 27.
Rc1 Qf8 28. Nb5 a6 29. Nc3 Nxc3 30. Rxc3 Be6 31. Qd4 Qa3 32. b4 Qa2 33. Rc7 h6
34. Rxb7 Kh7 35. Rb8 Qb1+ 36. Kg2 Bh3+ 37. Kf3 Qh1+ 38. Kf4 Qc1+ 39. Kf3 Qh1+
40. Ke3 Qc1+ 41. Kf3 Qh1+ 1/2-1/2

[Event "BL 8687 Bayern-Bamberg"]
[Site "?"]
[Date "1986.??.??"]
[Round "?.7"]
[White "Kurz, A."]
[Black "Klundt, K."]
[Result "0-1"]
[WhiteElo "2290"]
[BlackElo "2375"]
[PlyCount "64"]
[EventDate "1986.??.??"]

1. d4 Nf6 2. c4 g6 3. Nc3 Bg7 4. e4 d6 5. f4 c5 6. d5 O-O 7. Nf3 e6 8. dxe6
fxe6 9. Bd3 Nc6 10. O-O a6 11. Qe1 Nd4 12. Ng5 e5 13. f5 h6 14. Nh3 gxf5 15.
exf5 b5 16. Qg3 e4 17. Bxh6 Ra7 18. Rae1 exd3 19. Bxg7 Rxg7 20. Qxd3 b4 21. Ne2
Bb7 22. Ng3 Ng4 23. Rf4 Ne5 24. Qf1 Rf6 25. Ne4 Rh6 26. f6 Rgg6 27. Nhg5 Bxe4
28. Nxe4 Qd7 29. Kh1 Qe6 30. b3 Kf8 31. h3 Rh5 32. Qf2 Nd3 0-1

[Event "BL 8687 München 36-Regensburg"]
[Site "?"]
[Date "1986.??.??"]
[Round "?.2"]
[White "Smejkal, J."]
[Black "Mandl, Ro"]
[Result "1-0"]
[WhiteElo "2540"]
[BlackElo "2285"]
[PlyCount "75"]
[EventDate "1986.??.??"]

1. Nf3 c5 2. c4 g6 3. e4 Bg7 4. d4 cxd4 5. Nxd4 Nc6 6. Be3 Nf6 7. Nc3 Ng4 8.
Qxg4 Nxd4 9. Qd1 Ne6 10. Rc1 d6 11. b4 Bd7 12. Be2 Bc6 13. Qd2 b6 14. O-O O-O
15. Nd5 Qd7 16. f4 f5 17. exf5 gxf5 18. Bf3 Rac8 19. Bf2 Nd8 20. Bh4 Bxd5 21.
cxd5 Bf6 22. Bxf6 Rxf6 23. Rxc8 Qxc8 24. Rc1 Qd7 25. Qc3 Qb5 26. Qc7 Rf8 27. a3
Qd3 28. Qc3 Qb5 29. Re1 Qd7 30. Bh5 Rf6 31. Rc1 Rf8 32. Qc7 Qb5 33. Qxe7 Qxd5
34. Rd1 Qe6 35. Qxd6 Qe3+ 36. Kh1 Ne6 37. Qe7 a5 38. h3 1-0

[Event "BL 8687 München 36-Regensburg"]
[Site "?"]
[Date "1986.??.??"]
[Round "?.3"]
[White "Speckner, R."]
[Black "Nikolac, J."]
[Result "1/2-1/2"]
[WhiteElo "2205"]
[BlackElo "2435"]
[PlyCount "69"]
[EventDate "1986.??.??"]

1. Nf3 d5 2. b3 c5 3. e3 Nf6 4. Bb2 g6 5. c4 Bg7 6. cxd5 O-O 7. Be2 Nbd7 8. O-O
b6 9. Qc2 Nxd5 10. Bxg7 Kxg7 11. Nc3 N7f6 12. Nxd5 Qxd5 13. d4 Bb7 14. Rfd1
Rac8 15. Qb2 cxd4 16. Rxd4 Qf5 17. Bd3 Qe6 18. Bc4 Qc6 19. Rad1 Kg8 20. a4 Qc5
21. Rf4 Bxf3 22. Rxf3 Rfd8 23. Rc1 Qd6 24. h3 Rc5 25. b4 Rc7 26. e4 Rdc8 27. e5
Qd7 28. Bxf7+ Kxf7 29. Re1 Qe6 30. Qa1 Qc6 31. b5 Qc1 32. Qa2+ Qc4 33. Qa1 Qc1
34. Qa2+ Qc4 35. Qa1 1/2-1/2

[Event "BL 8687 München 36-Regensburg"]
[Site "?"]
[Date "1986.??.??"]
[Round "?.6"]
[White "Kaiser, W."]
[Black "Meister, P."]
[Result "1-0"]
[WhiteElo "2335"]
[BlackElo "2355"]
[PlyCount "59"]
[EventDate "1986.??.??"]

1. d4 d5 2. c4 dxc4 3. Nf3 a6 4. e3 Bg4 5. Bxc4 e6 6. h3 Bh5 7. Nc3 Nf6 8. g4
Bg6 9. Ne5 Nbd7 10. Nxg6 hxg6 11. Bf1 c5 12. Bg2 cxd4 13. exd4 Qc7 14. Qf3 Rb8
15. O-O Bd6 16. Bg5 O-O 17. Rfd1 Rfe8 18. Rac1 Qa5 19. h4 e5 20. Bxf6 Nxf6 21.
g5 Nh5 22. Ne4 Bf8 23. d5 Qxa2 24. Bf1 b5 25. b3 Qa5 26. Rc6 Nf4 27. d6 Ne6 28.
d7 Red8 29. Rxe6 fxe6 30. h5 1-0

[Event "BL 8687 Kreuzberg-Koblenz"]
[Site "?"]
[Date "1986.??.??"]
[Round "?.1"]
[White "Gutman, L."]
[Black "King, D."]
[Result "0-1"]
[WhiteElo "2460"]
[BlackElo "2460"]
[PlyCount "138"]
[EventDate "1986.??.??"]

1. Nf3 c5 2. g3 b6 3. Bg2 Bb7 4. O-O Nf6 5. d4 cxd4 6. Qxd4 e6 7. Bf4 Nc6 8.
Qd1 Be7 9. c4 Na5 10. b3 d5 11. Ne5 dxc4 12. Qxd8+ Rxd8 13. Bxb7 Nxb7 14. Nc6
Ra8 15. bxc4 Ne4 16. f3 Bf6 17. Be5 Bxe5 18. Nxe5 Ned6 19. Na3 f6 20. Nd3 Ke7
21. Rac1 Rhc8 22. Rc2 Rc7 23. Rfc1 Rac8 24. Kf2 Nc5 25. Ne1 h5 26. Nb5 Rd7 27.
Nxd6 Rxd6 28. h4 Rdc6 29. Ke3 Nb7 30. Nd3 Nd6 31. c5 Nb7 32. Nf4 e5 33. Nd5+
Kf7 34. g4 Rxc5 35. Rxc5 Nxc5 36. gxh5 Rh8 37. Nb4 Rxh5 38. Nc6 a6 39. Rb1 Rxh4
40. Rxb6 Ra4 41. Nd8+ Ke7 42. Nc6+ Kd7 43. Nb4 a5 44. Nd3 Ra3 45. Rb8 Nxd3 46.
exd3 Ke6 47. Rb2 g5 48. Rh2 Kf5 49. Rg2 Ra4 50. Rf2 Ke6 51. Rb2 Kf5 52. Rf2 Rh4
53. Rb2 Rb4 54. Ke2 Kg6 55. Rc2 Ra4 56. Rb2 f5 57. Kf2 f4 58. Kg2 Kf5 59. Kh3
Ra3 60. Rb8 Rxd3 61. Rf8+ Ke6 62. Kg4 e4 63. Kxg5 Rxf3 64. Rxf4 Ke5 65. Rh4
Rg3+ 66. Kh6 e3 67. Rh2 Ke4 68. Kh5 Kf3 69. Kh4 Rg8 0-1

[Event "BL 8687 Kreuzberg-Koblenz"]
[Site "?"]
[Date "1986.??.??"]
[Round "?.2"]
[White "Conquest, S."]
[Black "Andruet, G."]
[Result "0-1"]
[WhiteElo "2430"]
[BlackElo "2365"]
[PlyCount "86"]
[EventDate "1986.??.??"]

1. d4 Nf6 2. c4 e6 3. Nc3 Bb4 4. g3 c5 5. Nf3 cxd4 6. Nxd4 O-O 7. Bg2 d5 8. Qb3
Bxc3+ 9. bxc3 Nc6 10. cxd5 Na5 11. Qc2 Nxd5 12. O-O Bd7 13. e4 Nb6 14. Rb1 Ba4
15. Qe2 Qd7 16. Qh5 Nac4 17. Nb3 Qc7 18. Nd4 e5 19. Nf5 f6 20. h4 Rfd8 21. Qe2
Nd6 22. Ne3 Qxc3 23. Bd2 Qc7 24. Ba5 Bc6 25. Rb4 Qf7 26. Rd1 Kh8 27. h5 h6 28.
Nd5 Bxd5 29. exd5 Re8 30. Bxb6 axb6 31. Rxb6 Rad8 32. g4 f5 33. gxf5 Qxf5 34.
Rb3 e4 35. Bh3 Qe5 36. Be6 Rf8 37. Rg3 Rf4 38. Rg2 Nf5 39. Rb1 Nh4 40. Rg3 Nf3+
41. Kg2 Qxh5 42. Qb2 Qh2+ 43. Kf1 Nd2+ 0-1

[Event "BL 8687 Kreuzberg-Koblenz"]
[Site "?"]
[Date "1986.??.??"]
[Round "?.3"]
[White "Brueckner, T."]
[Black "Lehmann, K."]
[Result "0-1"]
[WhiteElo "2345"]
[BlackElo "2270"]
[PlyCount "88"]
[EventDate "1986.??.??"]

1. d4 Nf6 2. Nf3 e6 3. c4 b6 4. g3 Bb7 5. Bg2 Be7 6. Nc3 Ne4 7. Bd2 O-O 8. d5
Nxc3 9. Bxc3 Bf6 10. Rc1 Bxc3+ 11. Rxc3 d6 12. O-O e5 13. Nd2 f5 14. f4 Nd7 15.
e4 exf4 16. gxf4 Qf6 17. Qc2 Nc5 18. Kh1 Rae8 19. Rg3 a5 20. Rg1 Bc8 21. b3 Re7
22. a3 Rfe8 23. e5 dxe5 24. fxe5 Rxe5 25. b4 axb4 26. axb4 Ne4 27. Bxe4 fxe4
28. Rxg7+ Qxg7 29. Rxg7+ Kxg7 30. Qc3 Kf8 31. Qe3 Bf5 32. Nb3 Kg8 33. Nd4 Bg6
34. Ne6 Re7 35. Qd4 Rf5 36. c5 e3 37. Qxe3 Rxd5 38. cxb6 cxb6 39. Qxb6 Be8 40.
Qg1+ Bg6 41. Qb6 Re8 42. Kg1 Re5 43. Nc5 Rf8 44. Qd6 Rg5+ 0-1

[Event "BL 8687 Kreuzberg-Koblenz"]
[Site "?"]
[Date "1986.??.??"]
[Round "?.4"]
[White "Grzesik, F."]
[Black "Schlick, V."]
[Result "0-1"]
[WhiteElo "2250"]
[BlackElo "2285"]
[PlyCount "94"]
[EventDate "1986.??.??"]

1. e4 g6 2. d4 Bg7 3. Nf3 c5 4. c3 cxd4 5. cxd4 d5 6. exd5 Nf6 7. Bb5+ Nbd7 8.
Nc3 O-O 9. d6 exd6 10. O-O Nb6 11. h3 Be6 12. Bg5 Nbd5 13. Ne4 Qb6 14. Nxf6+
Nxf6 15. Qe2 Bd5 16. Ba4 h6 17. Be3 Rac8 18. Qb5 Qd8 19. Bb3 a6 20. Qd3 Be4 21.
Qd2 Qd7 22. Nh2 Kh7 23. Ng4 Nxg4 24. hxg4 Qb5 25. Rfc1 Bd5 26. Bxd5 Qxd5 27. b3
Qe4 28. f3 Qd5 29. Kh1 f5 30. gxf5 Qxf5 31. Bf2 h5 32. Rxc8 Rxc8 33. Rc1 Rxc1+
34. Qxc1 Qd3 35. Qc7 Qb1+ 36. Bg1 b5 37. Qxd6 Qxa2 38. Qe6 a5 39. Qe3 a4 40.
bxa4 bxa4 41. Qe7 Qb3 42. Qa7 a3 43. d5 a2 44. Bd4 Qd1+ 45. Kh2 Qxd4 46. Qxa2
Qh4+ 47. Kg1 Bd4+ 0-1

[Event "BL 8687 Kreuzberg-Lasker"]
[Site "?"]
[Date "1986.??.??"]
[Round "?.5"]
[White "Weidemann, J."]
[Black "Grzesik, T."]
[Result "1-0"]
[WhiteElo "2265"]
[BlackElo "2335"]
[PlyCount "63"]
[EventDate "1986.??.??"]

1. e4 e5 2. Nc3 Nc6 3. g3 Nf6 4. Bg2 Bc5 5. Nge2 d6 6. Na4 Bg4 7. h3 Be6 8. f4
Qe7 9. d3 h6 10. c3 Bb6 11. Nxb6 axb6 12. O-O O-O 13. b3 Bc8 14. g4 exf4 15.
Bxf4 Nh7 16. Qd2 Ne5 17. Nd4 Qh4 18. Nf5 Bxf5 19. gxf5 Ng5 20. d4 Nd7 21. Qd3
Nf6 22. e5 Nh5 23. Bh2 dxe5 24. dxe5 Rfe8 25. a4 c6 26. Rad1 Ra5 27. Qe3 c5 28.
Rd3 Raa8 29. Bxb7 Rad8 30. Bg2 c4 31. bxc4 Qxc4 32. Rd4 1-0

[Event "BL 8687 Kreuzberg-Koblenz"]
[Site "?"]
[Date "1986.??.??"]
[Round "?.6"]
[White "Konieczka, F."]
[Black "Doncevic, D."]
[Result "1/2-1/2"]
[WhiteElo "2240"]
[BlackElo "2355"]
[PlyCount "143"]
[EventDate "1986.??.??"]

1. e4 c5 2. Nf3 Nc6 3. d3 g6 4. g3 Bg7 5. Bg2 d6 6. O-O Bg4 7. h3 Bxf3 8. Qxf3
Nf6 9. c3 Nd7 10. Nd2 O-O 11. Qe2 Rc8 12. f4 b5 13. Nf3 b4 14. Bd2 bxc3 15.
bxc3 Qa5 16. Rfc1 Rb8 17. Be1 Qa4 18. Rab1 Rb6 19. Rxb6 axb6 20. Kh2 b5 21. d4
cxd4 22. cxd4 Nxd4 23. Nxd4 Bxd4 24. Rb1 Qc4 25. Bf1 Qxe2+ 26. Bxe2 Ra8 27.
Bxb5 Rxa2+ 28. Kh1 Nc5 29. Rd1 e5 30. Bc6 Re2 31. Bb4 Re3 32. Kg2 h5 33. Bxc5
dxc5 34. Rf1 c4 35. fxe5 c3 36. Ba4 Re2+ 37. Kf3 Ra2 38. Bb3 Rb2 39. Ba4 Bxe5
40. Rf2 Rb4 41. Bc2 Kg7 42. g4 h4 43. g5 Rb2 44. Kg4 Bg3 45. Re2 Kf8 46. Kf3
Ke7 47. Ke3 Rb5 48. Kd3 Be5 49. Rf2 Bg7 50. Rg2 Be5 51. Rf2 Bg3 52. Re2 Be5 53.
Rf2 Rb7 54. Ke3 Rd7 55. Re2 Rb7 56. Kd3 Kd6 57. Kc4 Rc7+ 58. Kd3 Rb7 59. Kc4
Rb2 60. Kd3 Kc5 61. Rf2 Rb6 62. Rg2 Rd6+ 63. Ke3 Kc4 64. Re2 Rd7 65. Rg2 Bd4+
66. Kf4 Rb7 67. e5 Rd7 68. e6 fxe6 69. Bxg6 Rg7 70. Bc2 Kd5 71. Bb3+ Kd6 72.
Re2 1/2-1/2

[Event "BL 8687 Kreuzberg-Koblenz"]
[Site "?"]
[Date "1986.??.??"]
[Round "?.7"]
[White "Bayer, E."]
[Black "Glienke, M."]
[Result "1-0"]
[WhiteElo "2310"]
[BlackElo "2300"]
[PlyCount "119"]
[EventDate "1986.??.??"]

1. d4 d5 2. c4 e6 3. Nc3 Nf6 4. Bg5 Be7 5. Nf3 O-O 6. e3 Nbd7 7. Rc1 b6 8. cxd5
exd5 9. Bd3 Bb7 10. O-O c5 11. Qe2 a6 12. dxc5 bxc5 13. Rfd1 Qa5 14. Bf5 Rfd8
15. Nd2 Qb4 16. Nf3 Nf8 17. Qc2 h6 18. Bf4 Bc8 19. Be5 Be6 20. Ne2 Bxf5 21.
Qxf5 Ne6 22. b3 Qa3 23. Qc2 Rac8 24. Nh4 c4 25. Nf5 Kf8 26. Bb2 Qb4 27. Bc3 Qb7
28. Nxe7 Qxe7 29. bxc4 Rxc4 30. Qb2 Ne4 31. Ba5 Rdc8 32. Bb4 N6c5 33. Rxd5
Rxc1+ 34. Nxc1 Kg8 35. Rd1 Na4 36. Bxe7 Nxb2 37. Rd8+ Rxd8 38. Bxd8 Nd6 39. Bb6
Nbc4 40. Bc5 Nb7 41. Bd4 f6 42. f3 Kf7 43. Kf2 Ke6 44. Ke2 Kd5 45. Kd3 Ne5+ 46.
Bxe5 fxe5 47. Nb3 Nd6 48. e4+ Kc6 49. g3 Kb5 50. f4 exf4 51. gxf4 Kb4 52. e5
Nf5 53. Ke4 Ne7 54. f5 Ka3 55. Nc5 a5 56. h4 Kxa2 57. h5 Ng8 58. Kd5 Ka3 59.
Ke6 Kb4 60. Kf7 1-0

[Event "BL 8687 Lasker-Heidelberg"]
[Site "?"]
[Date "1986.??.??"]
[Round "?.1"]
[White "Steinbacher, M."]
[Black "Wockenfuss, K."]
[Result "0-1"]
[WhiteElo "2280"]
[BlackElo "2350"]
[PlyCount "66"]
[EventDate "1986.??.??"]

1. c4 g6 2. d4 Bg7 3. e4 d6 4. Nc3 Nd7 5. Be2 e5 6. Nf3 Ngf6 7. O-O O-O 8. Qc2
c6 9. dxe5 dxe5 10. b4 Re8 11. Bb2 Nf8 12. Na4 Nh5 13. Rfe1 Bg4 14. Nc5 Qe7 15.
Nd3 Nf4 16. Nxf4 exf4 17. Bxg7 Kxg7 18. Qc3+ f6 19. e5 Bxf3 20. Bxf3 Nd7 21. b5
Nxe5 22. bxc6 b6 23. Bd5 Rad8 24. Qd4 g5 25. h4 h6 26. Qe4 Qc7 27. h5 Qc8 28.
Qc2 Rd6 29. f3 Re7 30. a4 Qe8 31. Be4 Nxc6 32. Bxc6 Rxe1+ 33. Kf2 Qe3# 0-1